| 000 | 01355nam2a22002651 4500 | ||
|---|---|---|---|
| 001 | rc\4791912 | ||
| 005 | 20250612215404.0 | ||
| 021 |
_aRU _b[67-105540] |
||
| 035 | _a(NLR Aleph) 008866834 | ||
| 090 |
_a8496297 _c8496297 |
||
| 100 | _a20130426d1967 |||y0rusy50 ca | ||
| 101 | 0 | _arus | |
| 102 | _aRU | ||
| 105 | _ay z ||||| | ||
| 200 | 0 |
_a[... за 1965 - июль 1967 г.] _fСост. канд. мед. наук Г.В. Рыжиков, Е.Я. Чернина |
|
| 210 |
_d1967 _aБ. м. |
||
| 215 | _a100 с. | ||
| 461 | 0 |
_1001rc\4791911 _12001#$aСовременные проблемы невропатологии и психиатрии$e[Указатель литературы за...]$fМ-во здравоохранения СССР. Гос. центр. науч. мед. б-ка$v[... за 1965 - июль 1967 г.] _98496292 _cМосква _d1967 _fМ-во здравоохранения СССР. Гос. центр. науч. мед. б-ка _nБ. и. _o[Указатель литературы за...] _tСовременные проблемы невропатологии и психиатрии _v[... за 1965 - июль 1967 г.] |
|
| 702 | 1 |
_aЧернина _bЕ.Я. _4220 |
|
| 702 | 1 |
_aРыжиков _bГ.В. _4220 |
|
| 801 | 0 |
_aRU _bNLR _gpsbo |
|
| 801 | 1 |
_aRU _bELAR _2rusmarc |
|
| 852 |
_aNLR _jС289-420/С-56 |
||
| 942 | _cBOOK | ||
| 980 | _aNB | ||